The Namibian Close Corporation : CLE Seminar 1994 / (Record no. 248)

MARC details
000 -LEADER
fixed length control field 00516nam a22001457a 4500
005 - DATE AND TIME OF INPUT
control field 20231102085823.0
008 - DATA ELEMENTS--GENERAL INFORMATION
fixed length control field 231102b |||||||| |||| 00| 0 eng d
041 ## - LANGUAGE CODE
Language code of text English
082 ## - SHELF NUMBER
DDC number 346.6 NAM
100 ## - MAIN AUTHOR
Language of a work English
245 ## - TITLE STATEMENT
Title The Namibian Close Corporation : CLE Seminar 1994 /
Statement of responsibility, etc. The Law Society of Namibia together with the Centre of Business Law : University of the Orange Free State
300 ## - PHYSICAL DESCRIPTION
Other physical details 133 pages ;
Dimensions 30 cm.
650 ## - SUBJECT`
Broad subject Legal practice
Own subject terms Law
942 ## - ADDED ENTRY ELEMENTS (KOHA)
Item type Books
942 ## - ADDED ENTRY ELEMENTS (KOHA)
-- ALISON_BN_VRIES
Holdings
Source of classification or shelving scheme Not for loan Collection code Home library Current library Shelving location Date acquired Full call number Barcode Price effective from Koha item type
Dewey Decimal Classification   TEXT BOOKS LAW SOCIETY OF NAMIBIA LIBRARY - WINDHOEK LAW SOCIETY OF NAMIBIA LIBRARY - WINDHOEK Corporate, commercial and company law 11/02/2023 346.6 NAM LSN/2009/4 11/02/2023 Books